Bioprocess engineering : basic concepts /

Uloženo v:
Podrobná bibliografie
Hlavní autor: Shuler, Michael L., 1947-
Médium: Kniha
Jazyk:English
Vydáno: Englewood Cliffs, N.J. : Prentice Hall, 1992.
Témata:
Tagy: Přidat tag
Žádné tagy, Buďte první, kdo otaguje tento záznam!
Thư viện lưu trữ: Mạng thư viện Đại học Đà Nẵng
LEADER 00851cam a2200325 i 4500
001 000046433
003 5902
005 20030217163949.0
008 010220|1992 vm 000 eng
020 |a 0134782151 
040 |a IRC  |c IRC  |d IRC 
041 0 |a eng 
082 1 4 |a 660.6  |b SH-M 
100 1 |a Shuler, Michael L.,  |d 1947- 
245 0 0 |a Bioprocess engineering :  |b basic concepts /  |c Michael L. Shuler, 1947- 
260 |a Englewood Cliffs, N.J. :  |b Prentice Hall,  |c 1992. 
300 |a xvi, 479p. :  |b ill. 
630 0 4 |a Biotechnology. 
650 0 4 |a Biotechnology. 
650 0 4 |a Biotechnology engineering. 
OWN |a DUT 
999 |a From the UDN01 
TYP |a Monograph 
TYP |a Printed language 
980 |a Mạng thư viện Đại học Đà Nẵng